<?xml version="1.0" encoding="UTF-8"?>
<record
    xmlns:xsi="http://www.w3.org/2001/XMLSchema-instance"
    xsi:schemaLocation="http://www.loc.gov/MARC21/slim http://www.loc.gov/standards/marcxml/schema/MARC21slim.xsd"
    xmlns="http://www.loc.gov/MARC21/slim">

  <leader>00965nam a2200229 a 4500</leader>
  <controlfield tag="001">64002</controlfield>
  <controlfield tag="003">BD-RjUL</controlfield>
  <controlfield tag="005">20211209081248.0</controlfield>
  <controlfield tag="008">170204s1993    bg a         o      ben |</controlfield>
  <datafield tag="020" ind1=" " ind2=" ">
    <subfield code="a">: Tk.130.00 </subfield>
  </datafield>
  <datafield tag="035" ind1=" " ind2=" ">
    <subfield code="a">(BD-RjUL)64132</subfield>
  </datafield>
  <datafield tag="040" ind1=" " ind2=" ">
    <subfield code="a">BD-RjUL</subfield>
    <subfield code="b">ben/eng</subfield>
    <subfield code="d">BD-RjUL</subfield>
    <subfield code="c">BD-RjUL</subfield>
  </datafield>
  <datafield tag="041" ind1=" " ind2=" ">
    <subfield code="a">ben</subfield>
  </datafield>
  <datafield tag="082" ind1=" " ind2=" ">
    <subfield code="2">23</subfield>
    <subfield code="a">954.924</subfield>
    <subfield code="b">ROU</subfield>
  </datafield>
  <datafield tag="100" ind1=" " ind2=" ">
    <subfield code="a">&#x9B0;&#x9BE;&#x9AF;&#x9BC;&#x9B9;&#x9BE;&#x9A8;, &#x9B8;&#x9C8;&#x9AF;&#x9BC;&#x9A6; &#x986;&#x9AC;&#x9C1;</subfield>
    <subfield code="9">249041</subfield>
  </datafield>
  <datafield tag="245" ind1="1" ind2="0">
    <subfield code="a">&#x989;&#x9B2;&#x9BF;&#x9AA;&#x9C1;&#x9B0;&#x9C7;&#x9B0; &#x987;&#x9A4;&#x9BF;&#x9B9;&#x9BE;&#x9B8; &#x993; &#x9B2;&#x9CB;&#x995;&#x9B8;&#x9BE;&#x9B9;&#x9BF;&#x9A4;&#x9CD;&#x9AF; /</subfield>
    <subfield code="c">&#x9B8;&#x9C8;&#x9AF;&#x9BC;&#x9A6; &#x986;&#x9AC;&#x9C1; &#x9B0;&#x9BE;&#x9AF;&#x9BC;&#x9B9;&#x9BE;&#x9A8;</subfield>
  </datafield>
  <datafield tag="260" ind1=" " ind2=" ">
    <subfield code="a">&#x99F;&#x9BE;&#x999;&#x9CD;&#x997;&#x9BE;&#x987;&#x9B2;:</subfield>
    <subfield code="b">&#x9B0;&#x9C0;&#x9A8;&#x9BE; &#x996;&#x9BE;&#x9A8;,</subfield>
    <subfield code="c">&#x9E7;&#x9EF;&#x9EF;&#x9E9;</subfield>
  </datafield>
  <datafield tag="300" ind1=" " ind2=" ">
    <subfield code="a">&#x9E8;&#x9EA;&#x9E6; &#x9AA;&#x9C3;. :</subfield>
    <subfield code="b">&#x99A;&#x9BF;&#x9A4;&#x9CD;&#x9B0; ;</subfield>
    <subfield code="c">&#x9E8;&#x9E6; &#x9B8;&#x9C7;&#x9AE;&#x9BF;.</subfield>
  </datafield>
  <datafield tag="651" ind1=" " ind2=" ">
    <subfield code="a">&#x9AC;&#x9BE;&#x982;&#x9B2;&#x9BE;&#x9A6;&#x9C7;&#x9B6;</subfield>
    <subfield code="z">&#x995;&#x9C1;&#x9A1;&#x9BC;&#x9BF;&#x997;&#x9CD;&#x9B0;&#x9BE;&#x9AE; &#x99C;&#x9C7;&#x9B2;&#x9BE;</subfield>
    <subfield code="z">&#x989;&#x9B2;&#x9BF;&#x9AA;&#x9C1;&#x9B0; &#x9A5;&#x9BE;&#x9A8;&#x9BE;</subfield>
    <subfield code="x">&#x987;&#x9A4;&#x9BF;&#x9B9;&#x9BE;&#x9B8;</subfield>
    <subfield code="9">249042</subfield>
  </datafield>
  <datafield tag="651" ind1=" " ind2=" ">
    <subfield code="a">Bangladesh</subfield>
    <subfield code="z">Kurigram District</subfield>
    <subfield code="z">Ulipur Thana</subfield>
    <subfield code="x">History</subfield>
    <subfield code="9">249043</subfield>
  </datafield>
  <datafield tag="942" ind1=" " ind2=" ">
    <subfield code="2">ddc</subfield>
    <subfield code="c">RAR</subfield>
  </datafield>
  <datafield tag="999" ind1=" " ind2=" ">
    <subfield code="c">64002</subfield>
    <subfield code="d">64002</subfield>
  </datafield>
  <datafield tag="952" ind1=" " ind2=" ">
    <subfield code="0">0</subfield>
    <subfield code="1">0</subfield>
    <subfield code="2">ddc</subfield>
    <subfield code="4">0</subfield>
    <subfield code="7">1</subfield>
    <subfield code="8">RARE</subfield>
    <subfield code="a">RUCL</subfield>
    <subfield code="b">RUCL</subfield>
    <subfield code="c">Rare</subfield>
    <subfield code="d">1994-08-24</subfield>
    <subfield code="e">The Author</subfield>
    <subfield code="g">130.00</subfield>
    <subfield code="l">0</subfield>
    <subfield code="o">BRA 954.924 ROU 1993</subfield>
    <subfield code="r">2021-10-10 00:00:00</subfield>
    <subfield code="t">C-1</subfield>
    <subfield code="w">2021-12-09</subfield>
    <subfield code="y">RAR</subfield>
  </datafield>
</record>
